Statistics for US States with the Highest Internet Usage

Click here to take the quiz!

General Stats

  • This quiz has been taken 220 times
  • The average score is 6 of 10

Answer Stats

%State% Correct
86.0Massachusetts
81%
85.1Washington
79%
87.9Oregon
75%
85.7Colorado
65%
87.7New Hampshire
65%
85.7Vermont
64%
85.2Utah
58%
86.8Idaho
57%
87.4Minnesota
49%
84.0North Dakota
35%

Score Distribution

Percentile by Number Answered

Percent of People with Each Score

Your Score History

You have not taken this quiz